000 00287nam a2200109Ia 4500
001 1272248
005 20260417151425.0
008 260417s9999 xx 000 0 und d
020 _a9786256910706
245 0 _aİbn Sina ile Uçan Adamın Peşinde
_cÖzkan Öze
260 _bKetebe Çocuk
999 _c1272248
_d1272248